| 000 | 02079cam a22004694i 4500 | ||
|---|---|---|---|
| 003 | PE-LiUPU | ||
| 005 | 20250731165403.0 | ||
| 008 | 151001s2009 pe a grm 000 0 spa d | ||
| 035 | _a(Sirsi) a154729 | ||
| 040 |
_aPE-LiUPU _bspa _cPE-LiUPU _erda |
||
| 099 |
_aTE 3 _bV47 2009 |
||
| 100 | 1 |
_aVera Leyva, Gasdali _eautor |
|
| 245 | 1 |
_aInfluencia de la inteligencia emocional en el rendimiento académico en el área de comunicación, de alumnos de secundaría de la Institución Educativa San Ramón de Cajamarca / _cGasdali Vera Leyva. |
|
| 264 | 0 | _c2009. | |
| 300 |
_a141 hojas _c31 cm |
||
| 336 |
_atext _2rdacontent |
||
| 337 |
_aunmediated _2rdamedia |
||
| 338 |
_avolume _2rdacarrier |
||
| 502 |
_aTesis _b(Mg.) -- _cUniversidad Peruana Unión, _d2009. |
||
| 504 | _aIncluye referencias | ||
| 520 | 3 | _aSegún las estadísticas de nuestro país, acerca del rendimiento académico, nos muestra un nivel muy bajo. Igualmente, los datos aportados por la UNESCO en un estudio comparativo para alumnos del tercer y cuarto grado de primaria en trece países latinoamericanos en 1997 evidencian este bajo desempeño académico, especialmente en las áreas de lenguaje y matemáticas, todo esto debido a diversos factores, entre las cuales está la inteligencia emocional | |
| 526 | _aSEG44 | ||
| 526 | _aSEG26 | ||
| 526 | _aP151 | ||
| 526 | _aP150 | ||
| 526 | _aP149 | ||
| 526 | _aP146 | ||
| 526 | _aP145 | ||
| 526 | _aP126 | ||
| 526 | _aP125 | ||
| 526 | _aP92 | ||
| 526 | _aP75 | ||
| 526 | _aP74 | ||
| 526 | _aP27 | ||
| 526 | _aP15 | ||
| 650 | 0 | 4 |
_aInteligencia emocional _xRendimiento académico. |
| 596 | _a1 | ||
| 942 |
_2ddc _cTESIS |
||
| 999 |
_aTE 3 V47 2009 _wALPHANUM _c7428 _iT01130 _lCCODEBUL3 _mBUL _r1 _sY _tTESIS _u2015-10-1 _xPOSGRADO _PP57 _o.STAFF. Tesis _d7428 |
||
| 999 |
_aTE 3 V47 2009 _wALPHANUM _c2 _iT01702 _lCCODEBUL3 _mBUL _r1 _sY _tTESIS _u2015-10-1 _xPOSGRADO _PP57 _o.STAFF. Tesis |
||
| 999 |
_aTE 3 V47 2009 _wALPHANUM _c3 _iT01703 _lCCODEBUL3 _mBUL _r1 _sY _tTESIS _u2015-10-1 _xPOSGRADO _PP57 _o.STAFF. Tesis |
||
| 980 |
_81 _gALBERTO SANCHEZ Responsable de Automatización |
||